Personnages de dessins animés en mii - Statistiques

Statistiques générales
  • Ce quiz a été pris 1 308 fois
  • Le résultat moyen est 14 sur 20
Statistiques - réponses
Par images Réponse % Correct
Dora L'exploratrice
99%
Bob L'éponge
98%
Mario
96%
Mickey Mouse
94%
Garfield
89%
Sonic
89%
Woody
82%
Lilo
80%
Capitaine Crochet
77%
Homer Simpson
75%
Tigrou
70%
Scar
69%
Shrek
69%
Scooby Doo
63%
Gargamel
59%
Ralph
52%
Peter Griffin
41%
Gru
29%
Steve
27%
Flash Mcqueen
20%
Aucun quiz correspondant
Distribution des résultats
% des personnes avec chaque résultat
Percentile par nombre de réponses
Votre historique - résultats
Vous n’avez pas pris ce quiz